[Event "Excelsior March op"]
[Site "Toronto CAN"]
[Date "2023.03.12"]
[Round "4.11"]
[White "Liu, Sean"]
[Black "Rusonik, Max"]
[Result "0-1"]
[WhiteElo "1482"]
[BlackElo "2173"]
[PlyCount "66"]
[EventDate "2023.03.19"]
[EventType "swiss"]
[EventRounds "5"]
[EventCountry "CAN"]

1. e4 c5 2. Nc3 d6 3. d4 cxd4 4. Qxd4 Nc6 5. Qd2 g6 6. b3 Bh6 7. f4 Nf6 8. Nge2
O-O 9. Bb2 b5 10. a3 a5 11. Nxb5 Nxe4 12. Qd5 Nc5 13. O-O-O Bb7 14. Qc4 Ne6 15.
Kb1 Rc8 16. Qa4 Qb6 17. Nbc3 Bg7 18. Qb5 Qxb5 19. Nxb5 Rfd8 20. Nbd4 Ncxd4 21.
Bxd4 Bxd4 22. Nxd4 Nxf4 23. Rg1 Nd5 24. Re1 e5 25. Nb5 Rc5 26. c4 Nf6 27. g4
Kf8 28. Bd3 e4 29. Bc2 d5 30. Nc3 dxc4 31. Nxe4 Bxe4 32. Bxe4 cxb3 33. Rg3 a4
0-1

[Event "Excelsior March op"]
[Site "Toronto CAN"]
[Date "2023.03.12"]
[Round "4.12"]
[White "Momic, Jovan"]
[Black "Chen, Max"]
[Result "0-1"]
[WhiteElo "1471"]
[BlackElo "2111"]
[PlyCount "82"]
[EventDate "2023.03.19"]
[EventType "swiss"]
[EventRounds "5"]
[EventCountry "CAN"]

1. d4 Nf6 2. c4 b6 3. Nc3 Bb7 4. d5 e6 5. e4 Bb4 6. Bd2 O-O 7. Bd3 exd5 8. cxd5
Re8 9. Nge2 Bxc3 10. Nxc3 Nxd5 11. O-O Nxc3 12. Bxc3 Qh4 13. g3 Qg5 14. h4 Qg6
15. Qf3 Nc6 16. Qf4 Re7 17. Rad1 d6 18. Kh2 Ne5 19. Bb1 Rae8 20. f3 Qe6 21. h5
Bc8 22. g4 c5 23. b3 b5 24. Rd2 b4 25. Bb2 f6 26. Rfd1 Rd8 27. Rd5 Red7 28. Kg3
Bb7 29. R5d2 c4 30. Bd4 c3 31. Rh2 Bc6 32. Qe3 a5 33. Rg1 d5 34. exd5 Rxd5 35.
Bb6 Rd3 36. Bxd3 Rxd3 37. Re1 Rxe3 38. Rxe3 Bxf3 39. Rf2 Qxg4+ 40. Kh2 Qh4+ 41.
Kg1 Qh1# 0-1

[Event "Excelsior March op"]
[Site "Toronto CAN"]
[Date "2023.03.12"]
[Round "4.14"]
[White "Li, Triston"]
[Black "Campbell, Ryan"]
[Result "0-1"]
[WhiteElo "1470"]
[BlackElo "2018"]
[PlyCount "50"]
[EventDate "2023.03.19"]
[EventType "swiss"]
[EventRounds "5"]
[EventCountry "CAN"]

1. e4 c6 2. d4 d5 3. Nc3 dxe4 4. Nxe4 Bf5 5. Ng3 Bg6 6. Nf3 Nd7 7. h4 h6 8. h5
Bh7 9. Bd3 Bxd3 10. Qxd3 e6 11. Bf4 Qa5+ 12. c3 Ngf6 13. Ne5 Nxe5 14. Bxe5 Be7
15. Bxf6 Bxf6 16. Ne4 Be7 17. g4 Rd8 18. Qe3 e5 19. dxe5 Qxe5 20. f4 Qe6 21. f5
Qe5 22. Kf2 O-O 23. Rad1 Rfe8 24. Rxd8 Bxd8 25. Re1 Bb6 0-1

[Event "Excelsior March op"]
[Site "Toronto CAN"]
[Date "2023.03.12"]
[Round "4.15"]
[White "Uyanik, Mehmet"]
[Black "Wiebe, Isaac"]
[Result "0-1"]
[WhiteElo "1445"]
[BlackElo "1994"]
[PlyCount "102"]
[EventDate "2023.03.19"]
[EventType "swiss"]
[EventRounds "5"]
[EventCountry "CAN"]

1. e4 e5 2. Nf3 Nc6 3. Bb5 a6 4. Ba4 d6 5. c3 f5 6. d4 b5 7. Bc2 fxe4 8. Bxe4
d5 9. Nxe5 Nxe5 10. Qh5+ Nf7 11. Bxd5 Qe7+ 12. Kd1 Nf6 13. Qf3 Bg4 14. Re1
Bxf3+ 15. Bxf3 Qxe1+ 16. Kxe1 O-O-O 17. a4 b4 18. Nd2 Bd6 19. Nc4 Rhe8+ 20. Kf1
Ne4 21. cxb4 Bxb4 22. Be3 Nfd6 23. Ne5 Nd2+ 24. Bxd2 Bxd2 25. Nc6 Nf5 26. Nxd8
Kxd8 27. Bg4 Nd6 28. Rd1 Re4 29. Bf3 Rxd4 30. Ke2 Rxa4 31. Rxd2 Rb4 32. Bd5 Ke7
33. Rc2 Nb5 34. Ke3 Kd6 35. Rd2 Ke5 36. Bb7 Rb3+ 37. Rd3 Rxb2 38. Bxa6 Nd6 39.
f4+ Ke6 40. Rd2 Rb3+ 41. Rd3 Rb6 42. Ra3 Rb2 43. Kf3 c5 44. Rc3 Kd5 45. Be2 Nf5
46. Bd3 Nd4+ 47. Ke3 Kd6 48. Bc4 g6 49. h4 Kd7 50. Kd3 Rf2 51. g3 Rf1 {
unreadable} 0-1

[Event "Excelsior March op"]
[Site "Toronto CAN"]
[Date "2023.03.12"]
[Round "4.16"]
[White "Allahverdi, Umid"]
[Black "Reshetniak, Vitaliy"]
[Result "0-1"]
[WhiteElo "1180"]
[BlackElo "1978"]
[PlyCount "124"]
[EventDate "2023.03.19"]
[EventType "swiss"]
[EventRounds "5"]
[EventCountry "CAN"]

1. e4 c5 2. Nf3 e6 3. d4 cxd4 4. Nxd4 a6 5. Nc3 b5 6. Bd3 Qb6 7. Nb3 Qc7 8. Qe2
Bb7 9. O-O Nf6 10. f4 b4 11. Nd1 Be7 12. Bd2 a5 13. c3 Nc6 14. e5 Nd5 15. c4
Nb6 16. Rc1 a4 17. Na1 g6 18. Be3 Rb8 19. Nc2 b3 20. axb3 axb3 21. Nd4 Nxd4 22.
Bxd4 Bc5 23. Bxc5 Qxc5+ 24. Qe3 Qxe3+ 25. Nxe3 Na4 26. Rf2 Nc5 27. Rd1 h5 28.
g4 hxg4 29. Nxg4 Ke7 30. Nf6 Ra8 31. Bf1 Ra7 32. Bg2 Bxg2 33. Kxg2 Rha8 34.
Rfd2 Ra1 35. h3 Rxd1 36. Rxd1 Ra2 37. Rd2 Ra1 38. Rd6 Rb1 39. Rd2 Rc1 40. Rd6
Rc2+ 41. Kf3 Rxb2 42. Rb6 Kd8 43. Ne4 Nxe4 44. Kxe4 Rb1 45. Kd3 Rh1 46. Rxb3
Rxh3+ 47. Kc2 Rxb3 48. Kxb3 Ke7 49. Kc3 f6 50. Kd4 fxe5+ 51. Kxe5 d6+ 52. Ke4
Kf6 53. Ke3 Kf5 54. Kf3 e5 55. fxe5 Kxe5 56. Ke3 g5 57. Kf3 Kd4 58. Kg4 Kxc4
59. Kxg5 d5 60. Kf4 Kc3 61. Ke3 d4+ 62. Ke2 Kc2 0-1

[Event "Excelsior March op"]
[Site "Toronto CAN"]
[Date "2023.03.12"]
[Round "4.17"]
[White "Ashcroft, Michael"]
[Black "Ruchinskaya, Valerie"]
[Result "0-1"]
[WhiteElo "1523"]
[BlackElo "1541"]
[PlyCount "120"]
[EventDate "2023.03.19"]
[EventType "swiss"]
[EventRounds "5"]
[EventCountry "CAN"]

1. d4 d5 2. Nf3 Nf6 3. Bf4 c5 4. e3 Nc6 5. c3 Qb6 6. b3 Bg4 7. Be2 e6 8. Ne5
Bxe2 9. Qxe2 Be7 10. Nd2 Nxe5 11. Bxe5 Rc8 12. Rc1 O-O 13. O-O Nd7 14. c4 Nxe5
15. dxe5 Qa5 16. f4 f6 17. Nf3 a6 18. f5 exf5 19. cxd5 fxe5 20. Nxe5 Qc7 21.
Nf3 Qd6 22. e4 Rce8 23. Rcd1 Bf6 24. Nd2 Bd4+ 25. Kh1 fxe4 26. Rxf8+ Rxf8 27.
Qxe4 Rd8 28. Qe6+ Qxe6 29. dxe6 Bf6 30. Kg1 Bg5 31. e7 Bxe7 32. Kf1 Bg5 33. Ke2
Rxd2+ 34. Rxd2 Bxd2 35. Kxd2 Kf7 36. Kd3 Ke6 37. Ke4 Kd6 38. g4 Ke6 39. h4 b6
40. Kf4 h6 41. g5 h5 42. a4 g6 43. Ke4 Kd6 44. Ke3 Ke5 45. Kd3 b5 46. Kc3 Ke4
47. Kc2 Kd4 48. Kd2 bxa4 49. bxa4 a5 50. Kc2 Kc4 51. Kd2 Kb3 52. Kd3 c4+ 53.
Kd4 c3 54. Ke5 c2 55. Kf6 c1=Q 56. Kxg6 Qd1 57. Kh6 Qg4 58. g6 Qxh4 59. g7 Qf6+
60. Kh7 Qxg7+ 0-1

[Event "Excelsior March op"]
[Site "Toronto CAN"]
[Date "2023.03.12"]
[Round "4.18"]
[White "Zhong, April"]
[Black "Zhan, Jayden Zihan"]
[Result "1-0"]
[WhiteElo "1524"]
[BlackElo "1153"]
[PlyCount "99"]
[EventDate "2023.03.19"]
[EventType "swiss"]
[EventRounds "5"]
[EventCountry "CAN"]

1. e4 c5 2. Nf3 d6 3. Bb5+ Nc6 4. O-O Bg4 5. c3 Qb6 6. Be2 Nf6 7. Ng5 Bxe2 8.
Qxe2 h6 9. Nf3 Nd7 10. Rd1 g6 11. d4 cxd4 12. cxd4 Bg7 13. Be3 Qc7 14. Nc3 Nf6
15. d5 Nb8 16. Rac1 Qd8 17. e5 dxe5 18. Nxe5 Nfd7 19. Bd4 O-O 20. Ng4 h5 21.
Bxg7 Kxg7 22. Ne5 Nxe5 23. Qxe5+ f6 24. Qe4 a6 25. Rd3 Nd7 26. Rg3 Qe8 27. Re1
b5 28. Qb4 Rf7 29. Rge3 Kf8 30. d6 e5 31. Nd5 Kg7 32. Nc7 Qc8 33. Nxa8 Qxa8 34.
Rc1 Qd5 35. b3 f5 36. Ree1 Nf6 37. Qc5 Qxc5 38. Rxc5 Ne4 39. Rc6 Kh6 40. f3
Nxd6 41. Rxd6 a5 42. Rxe5 Rc7 43. Rxb5 Rc1+ 44. Kf2 Rc2+ 45. Kg3 Rxa2 46. Rbb6
h4+ 47. Kh3 a4 48. Rxg6+ Kh7 49. Rgc6 axb3 50. Rc7+ 1-0

[Event "Excelsior March op"]
[Site "Toronto CAN"]
[Date "2023.03.12"]
[Round "4.19"]
[White "Jiang, Hancy"]
[Black "Reprintsev, Alexander"]
[Result "0-1"]
[WhiteElo "1570"]
[BlackElo "2279"]
[PlyCount "106"]
[EventDate "2023.03.19"]
[EventType "swiss"]
[EventRounds "5"]
[EventCountry "CAN"]

1. Nf3 d5 2. d4 Nc6 3. g3 Bf5 4. Bg2 Nb4 5. Na3 e6 6. Bf4 h6 7. O-O g5 8. Bd2
Nf6 9. c4 c6 10. cxd5 exd5 11. Re1 a5 12. Ne5 Bg7 13. Qb3 Qd6 14. e4 Be6 15.
Nxf7 Kxf7 16. e5 Qd7 17. exf6 Bxf6 18. Bxb4 axb4 19. Qxb4 Rhe8 20. Nb1 Qe7 21.
Qd2 Ra4 22. Qc2 Rxd4 23. Qh7+ Bg7 24. Nc3 Rd2 25. Re3 g4 26. Rae1 Qf6 27. Ne4
dxe4 28. Qxe4 Qxf2+ 29. Kh1 Qxg2+ 30. Qxg2 Rxg2 31. Kxg2 Bd5+ 32. Kf1 Rxe3 33.
Rxe3 Bxb2 34. a3 Bd4 35. Re1 Bc4+ 36. Kg2 b5 37. h3 h5 38. hxg4 hxg4 39. Kh2
Bc5 40. a4 Bb4 41. Re4 c5 42. Rxg4 Ke6 43. axb5 Bxb5 44. Kg2 Kd5 45. Rf4 Bd2
46. Rf2 Be3 47. Ra2 c4 48. g4 c3 49. Kf3 Bc1 50. Rc2 Bd2 51. g5 Bd3 52. g6 Bxc2
53. g7 Bh7 0-1

[Event "Excelsior March op"]
[Site "Toronto CAN"]
[Date "2023.03.12"]
[Round "4.20"]
[White "Ambilwade, Ojal"]
[Black "Dukic, Zachary"]
[Result "0-1"]
[WhiteElo "1476"]
[BlackElo "2238"]
[PlyCount "102"]
[EventDate "2023.03.19"]
[EventType "swiss"]
[EventRounds "5"]
[EventCountry "CAN"]

1. c4 c5 2. Nc3 Nc6 3. e3 Nf6 4. Nf3 g6 5. d4 cxd4 6. exd4 d5 7. cxd5 Nxd5 8.
Bc4 Nxc3 9. bxc3 Bg7 10. O-O O-O 11. Bf4 Na5 12. Bb3 b6 13. Qe2 e6 14. Rfd1 Bb7
15. Rac1 Qf6 16. Qe3 Bxf3 17. Qxf3 g5 18. Bd6 Qxf3 19. gxf3 Nxb3 20. axb3 Rfd8
21. Bg3 Rac8 22. h3 b5 23. f4 gxf4 24. Bxf4 b4 25. cxb4 Rxc1 26. Rxc1 Bxd4 27.
Bc7 Rd5 28. Rc4 Rg5+ 29. Kf1 e5 30. Ba5 Rf5 31. Rc2 Rf3 32. Kg2 Rxb3 33. Re2
Kg7 34. Bc7 Kf6 35. Bd6 Ke6 36. Bf8 Kd5 37. Bc5 Bxc5 38. bxc5 Rb7 39. f4 e4 40.
Kf2 f5 41. Ra2 Rb3 42. Rxa7 Rxh3 43. Rc7 Rf3+ 44. Ke2 Rxf4 45. Rxh7 Kxc5 46.
Re7 Rf3 47. Re8 Kd4 48. Rd8+ Ke5 49. Re8+ Kf4 50. Rf8 Ra3 51. Re8 Ra2+ 0-1

[Event "Excelsior March op"]
[Site "Toronto CAN"]
[Date "2023.03.12"]
[Round "4.21"]
[White "Gavrilin, Roman"]
[Black "Deepak, Laksshana"]
[Result "1-0"]
[WhiteElo "2152"]
[BlackElo "1465"]
[PlyCount "96"]
[EventDate "2023.03.19"]
[EventType "swiss"]
[EventRounds "5"]
[EventCountry "CAN"]

1. e4 c5 2. Nf3 d6 3. d4 cxd4 4. Nxd4 Nf6 5. Nc3 a6 6. Nb3 e5 7. Bg5 Be7 8. Qd2
h6 9. Be3 Be6 10. O-O-O Ng4 11. Kb1 Nxe3 12. Qxe3 O-O 13. g3 Nd7 14. f4 Qb6 15.
Qf3 Rac8 16. f5 Bxb3 17. axb3 Qc6 18. Bd3 Nb6 19. h4 a5 20. Nd5 Nxd5 21. exd5
Qe8 22. f6 Bd8 23. Qf5 g6 24. Qxc8 e4 25. Rhe1 e3 26. Qc3 Bb6 27. h5 g5 28. Qc4
Qe5 29. Qe4 Qxe4 30. Bxe4 Re8 31. Bf3 Re5 32. g4 Bc5 33. c3 Ba7 34. Kc2 Bb6 35.
Rd4 Re8 36. Re4 Rc8 37. R4xe3 Bxe3 38. Rxe3 b5 39. Re7 b4 40. Kd3 Kf8 41. Rd7
Ke8 42. Rxd6 Kf8 43. c4 Kg8 44. c5 Kh7 45. Rd7 Kg8 46. c6 Kh8 47. c7 Rg8 48.
Rd8 a4 1-0

[Event "Excelsior March op"]
[Site "Toronto CAN"]
[Date "2023.03.12"]
[Round "4.22"]
[White "Huang, Youhe"]
[Black "Hartman, Liam"]
[Result "1-0"]
[WhiteElo "2070"]
[BlackElo "1257"]
[PlyCount "39"]
[EventDate "2023.03.19"]
[EventType "swiss"]
[EventRounds "5"]
[EventCountry "CAN"]

1. a3 d5 2. Nf3 Nc6 3. e3 Bg4 4. h3 Bh5 5. d4 e6 6. c4 Nf6 7. Be2 Bd6 8. g4 Bg6
9. c5 Be7 10. Bb5 O-O 11. Bxc6 bxc6 12. Ne5 Ne4 13. O-O Bh4 14. Nd2 Ng5 15. Kh2
f5 16. f4 Ne4 17. Nxe4 fxe4 18. g5 Qe8 19. Qg4 Bxg5 20. Qxg5 1-0

[Event "Excelsior March op"]
[Site "Toronto CAN"]
[Date "2023.03.12"]
[Round "4.23"]
[White "Mutyalapati, Modith Aaroh"]
[Black "Filipovich, David"]
[Result "0-1"]
[WhiteElo "1455"]
[BlackElo "1993"]
[PlyCount "79"]
[EventDate "2023.03.19"]
[EventType "swiss"]
[EventRounds "5"]
[EventCountry "CAN"]

1. e4 g6 2. d4 Bg7 3. Nf3 d6 4. h3 Nf6 5. Nc3 O-O 6. Bd3 c5 7. dxc5 dxc5 8. O-O
Nc6 9. Be3 b6 10. Bb5 Bb7 11. Qxd8 Rfxd8 12. Rfd1 Nb4 13. Bd3 c4 14. Bxc4 Nxc2
15. Rxd8+ Rxd8 16. Rc1 Nxe3 17. fxe3 e6 18. e5 Ne4 19. Nxe4 Bxe4 20. Kf2 Rc8
21. Rc3 Bxf3 22. Kxf3 Bxe5 23. Rc2 Bxb2 24. Bb3 Bc3 25. Ke4 b5 26. Rc1 Kf8 27.
a3 a5 28. Kd3 b4 29. axb4 axb4 30. Rc2 Ke7 31. Ra2 Rc7 32. Ra8 Rd7+ 33. Ke4 f5+
34. Kf3 e5 35. Rg8 Kf6 36. Rf8+ Kg5 37. g4 e4+ 38. Kg2 Rd2+ 39. Kf1 fxg4 40.
hxg4 0-1

[Event "Excelsior March op"]
[Site "Toronto CAN"]
[Date "2023.03.12"]
[Round "4.24"]
[White "Furrow, Matthew"]
[Black "Struthers, Matthew"]
[Result "1/2-1/2"]
[WhiteElo "1973"]
[BlackElo "1796"]
[PlyCount "160"]
[EventDate "2023.03.19"]
[EventType "swiss"]
[EventRounds "5"]
[EventCountry "CAN"]

1. e4 c5 2. Nc3 Nc6 3. g3 g6 4. Bg2 Bg7 5. f4 d6 6. h3 e6 7. Nf3 Nge7 8. O-O
O-O 9. d3 a6 10. Be3 Rb8 11. Rb1 b6 12. Ne2 d5 13. e5 Bb7 14. d4 c4 15. g4 b5
16. Ng3 Kh8 17. Rf2 Bc8 18. Qd2 Qa5 19. Qxa5 Nxa5 20. h4 f5 21. g5 Bd7 22. h5
Rfc8 23. hxg6 hxg6 24. Bd2 b4 25. Ne2 Ba4 26. b3 c3 27. Bc1 Bb5 28. a3 Nac6 29.
a4 Bxe2 30. Rxe2 a5 31. Be3 Kg8 32. Bf1 Kf7 33. Rh2 Rh8 34. Nh4 Rh7 35. Kg2
Rbh8 36. Kg3 Nd8 37. Bb5 Ndc6 38. Rbh1 Nb8 39. Bg1 Nbc6 40. Bxc6 Nxc6 41. Nxf5
Rxh2 42. Nd6+ Ke7 43. Rxh2 Rxh2 44. Kxh2 Bf8 45. Kg3 Bg7 46. Nb7 Bf8 47. Nc5
Kf7 48. Nd3 Be7 49. Nc1 Bd8 50. Ne2 Bb6 51. Kf3 Ke7 52. Ke3 Kf7 53. Kd3 Ke7 54.
Ng3 Kf7 55. Be3 Ne7 56. Nf1 Nf5 57. Bf2 Ng7 58. Nh2 Nf5 59. Ng4 Ng7 60. Nh6+
Ke7 61. Be1 Bc7 62. Bf2 Bb6 63. Be1 Bc7 64. Ng8+ Kf7 65. Nf6 Ke7 66. Bf2 Nf5
67. Ng4 Ng7 68. Nh6 Kf8 69. Bh4 Bd8 70. Ke3 Nf5+ 71. Nxf5 exf5 72. Kd3 Ke7 73.
Be1 Kd7 74. Bxc3 bxc3 75. Kxc3 Kc6 76. Kd3 Be7 77. c3 Ba3 78. Kc2 Be7 79. c4
Ba3 80. c5 Kd7 1/2-1/2

[Event "Excelsior March op"]
[Site "Toronto CAN"]
[Date "2023.03.12"]
[Round "4.25"]
[White "Raninga, Aditya"]
[Black "La Selva, Josh"]
[Result "1-0"]
[WhiteElo "1939"]
[BlackElo "907"]
[PlyCount "59"]
[EventDate "2023.03.19"]
[EventType "swiss"]
[EventRounds "5"]
[EventCountry "CAN"]

1. e4 d5 2. exd5 Qxd5 3. Nf3 Bg4 4. Be2 Nf6 5. d4 e6 6. c4 Qd8 7. Nc3 Be7 8. h3
Bxf3 9. Bxf3 c6 10. Bf4 Bd6 11. Bg5 Be7 12. O-O Nbd7 13. Qc2 O-O 14. Rfe1 Qc7
15. Rad1 Rad8 16. Qc1 Nb6 17. Bf4 Qc8 18. Ne2 Rd7 19. Ng3 Rfd8 20. Be5 c5 21.
d5 exd5 22. Bxf6 Bxf6 23. Bg4 Nxc4 24. Rxd5 Nxb2 25. Bxd7 Rxd7 26. Rxc5 Qf8 27.
Rc8 Rd8 28. Rxd8 Qxd8 29. Qc7 Qf8 30. Qd7 1-0

[Event "Excelsior March op"]
[Site "Toronto CAN"]
[Date "2023.03.12"]
[Round "4.26"]
[White "Xie, Irene"]
[Black "Ajith, Aayush"]
[Result "0-1"]
[WhiteElo "1370"]
[BlackElo "1915"]
[PlyCount "94"]
[EventDate "2023.03.19"]
[EventType "swiss"]
[EventRounds "5"]
[EventCountry "CAN"]

1. e4 c5 2. Nf3 d6 3. Bb5+ Bd7 4. Bxd7+ Qxd7 5. Nc3 Nc6 6. b3 e5 7. Nd5 Nf6 8.
Nxf6+ gxf6 9. d3 Qg4 10. g3 f5 11. Nh4 Qxd1+ 12. Kxd1 fxe4 13. dxe4 Be7 14. Nf5
Nd4 15. Ne3 Bg5 16. Nd5 Bxc1 17. Rxc1 O-O-O 18. c3 Nb5 19. Ke2 Nc7 20. Rhd1
Nxd5 21. Rxd5 h5 22. Rcd1 Kc7 23. h3 Rhg8 24. Kf3 Rg6 25. Rg1 Rf8 26. Rgd1 f5
27. exf5 Rxf5+ 28. Kg2 Rgf6 29. R1d2 b5 30. Kf1 Rf3 31. R5d3 e4 32. Rxf3 Rxf3
33. Rc2 e3 34. Kg2 exf2 35. Rxf2 Rxc3 36. g4 hxg4 37. hxg4 Re3 38. Rf7+ Kb6 39.
Kf2 Re5 40. Rd7 Re6 41. Kf3 c4 42. bxc4 bxc4 43. Rd8 Kc7 44. Rh8 c3 45. Rh1 d5
46. g5 d4 47. Rc1 Kd6 0-1

[Event "Excelsior March op"]
[Site "Toronto CAN"]
[Date "2023.03.12"]
[Round "4.27"]
[White "Ajith, Aarush"]
[Black "Heran-Boily, Samuel"]
[Result "0-1"]
[WhiteElo "1433"]
[BlackElo "1877"]
[PlyCount "88"]
[EventDate "2023.03.19"]
[EventType "swiss"]
[EventRounds "5"]
[EventCountry "CAN"]

1. d4 d5 2. Nf3 Nf6 3. Bf4 c5 4. c3 Qb6 5. Qc2 Nc6 6. dxc5 Qxc5 7. e3 g6 8. Bd3
Bg7 9. Nbd2 Nh5 10. Bg3 O-O 11. Nb3 Qb6 12. O-O e5 13. Nfd2 a5 14. a4 Be6 15.
Bh4 Rac8 16. Qd1 Nf6 17. h3 h6 18. Bg3 Nh5 19. Bh2 f5 20. Be2 Nf6 21. Rb1 Rfd8
22. Bb5 Ne4 23. Qe2 Nd6 24. c4 dxc4 25. Nxc4 Bxc4 26. Bxc4+ Kh7 27. Bb5 Na7 28.
Qe1 Naxb5 29. axb5 Qxb5 30. Nd2 b6 31. Nf3 Nb7 32. b4 a4 33. Rd1 Nd6 34. Rb1
Nc4 35. Qe2 Qe8 36. Rbc1 b5 37. Rfd1 Qe7 38. Qe1 a3 39. Nd2 Qxb4 40. Nxc4 Qxe1+
41. Rxe1 Rxc4 42. Ra1 b4 43. Reb1 Ra8 44. Ra2 b3 0-1

[Event "Excelsior March op"]
[Site "Toronto CAN"]
[Date "2023.03.12"]
[Round "4.28"]
[White "Chen, Richard"]
[Black "Zhuang, Ryan"]
[Result "1-0"]
[WhiteElo "1820"]
[BlackElo "708"]
[PlyCount "71"]
[EventDate "2023.03.19"]
[EventType "swiss"]
[EventRounds "5"]
[EventCountry "CAN"]

1. e4 e5 2. Nf3 Nc6 3. Bb5 f5 4. d3 fxe4 5. dxe4 Nf6 6. O-O d6 7. Nc3 Be6 8.
Ng5 Bd7 9. Bc4 Qe7 10. Bf7+ Kd8 11. Nd5 Nxd5 12. Bxd5 Be8 13. Ne6+ Kc8 14. Bg5
Qd7 15. c3 h6 16. Be3 Bf7 17. Qb3 Nd8 18. Nxd8 Bxd5 19. Qxd5 Qxd8 20. a4 Be7
21. a5 a6 22. b4 Qd7 23. c4 c6 24. Qd3 Bd8 25. b5 axb5 26. cxb5 cxb5 27. Rfb1
Rxa5 28. Rxa5 Bxa5 29. Qa3 Qd8 30. Rxb5 Bc7 31. Qb3 Qf6 32. Rxb7 Re8 33. Qb5
Qe7 34. Qc6 Rd8 35. Ba7 Qd7 36. Rb8# 1-0

[Event "Excelsior March op"]
[Site "Toronto CAN"]
[Date "2023.03.12"]
[Round "4.29"]
[White "Murali, Dhruv"]
[Black "Laughlin, Braden"]
[Result "0-1"]
[WhiteElo "1209"]
[BlackElo "1664"]
[PlyCount "76"]
[EventDate "2023.03.19"]
[EventType "swiss"]
[EventRounds "5"]
[EventCountry "CAN"]

1. b3 d5 2. Bb2 Bf5 3. e3 e6 4. Nf3 Nf6 5. d4 Nbd7 6. Nbd2 Be7 7. Be2 h6 8. h3
c6 9. c4 O-O 10. O-O Re8 11. Rc1 a5 12. a3 Qb8 13. Re1 Bd6 14. Kh1 Bh7 15. c5
Bc7 16. b4 axb4 17. axb4 Be4 18. Kg1 e5 19. dxe5 Nxe5 20. Nxe5 Bxe5 21. Bxe5
Qxe5 22. Nxe4 Nxe4 23. Bf3 Qb2 24. Bxe4 Rxe4 25. Rb1 Qa3 26. Qb3 Qxb3 27. Rxb3
Rc4 28. Reb1 f5 29. g3 Kf7 30. f4 Kf6 31. h4 Kg6 32. Kf2 Rc2+ 33. Kf1 Raa2 34.
b5 Kh5 35. bxc6 bxc6 36. Rb7 Kg4 37. R7b3 Rh2 38. Kg1 Kh3 0-1

[Event "Excelsior March op"]
[Site "Toronto CAN"]
[Date "2023.03.12"]
[Round "4.30"]
[White "Yang, Albert"]
[Black "Loadman, Ian"]
[Result "0-1"]
[WhiteElo "1151"]
[BlackElo "1912"]
[PlyCount "72"]
[EventDate "2023.03.19"]
[EventType "swiss"]
[EventRounds "5"]
[EventCountry "CAN"]

1. Nf3 g6 2. g3 Bg7 3. Bg2 e5 4. d3 d5 5. Nbd2 c5 6. O-O Nc6 7. e4 d4 8. a3
Nge7 9. Ne1 Be6 10. f4 Qd7 11. Nef3 Bg4 12. Re1 O-O 13. Nc4 b5 14. Ncxe5 Nxe5
15. fxe5 Nc6 16. Bf4 Rfe8 17. Qd2 c4 18. Rf1 Bxf3 19. Bxf3 Bxe5 20. Bg2 Rac8
21. Rac1 c3 22. bxc3 dxc3 23. Qe1 Bd4+ 24. Be3 a5 25. Qf2 b4 26. axb4 axb4 27.
Bxd4 Qxd4 28. Bh3 Ra8 29. Kg2 Qxf2+ 30. Rxf2 Nd4 31. Rb1 Reb8 32. Bg4 Ra2 33.
Bd1 Kg7 34. Rc1 Rba8 35. Kf1 Rb2 36. Ke1 Raa2 0-1

[Event "Excelsior March op"]
[Site "Toronto CAN"]
[Date "2023.03.12"]
[Round "4.32"]
[White "Kim, Noah"]
[Black "Malakar, Saarthak"]
[Result "1/2-1/2"]
[WhiteElo "1748"]
[BlackElo "1546"]
[PlyCount "52"]
[EventDate "2023.03.19"]
[EventType "swiss"]
[EventRounds "5"]
[EventCountry "CAN"]

1. d4 c6 2. c4 d5 3. Nc3 Nf6 4. e3 a6 5. Nf3 Bf5 6. cxd5 cxd5 7. Bd3 Bxd3 8.
Qxd3 Nc6 9. O-O e6 10. Bd2 Be7 11. Rfc1 O-O 12. Na4 Ne4 13. Be1 Rc8 14. Nd2 e5
15. Nxe4 dxe4 16. Qxe4 exd4 17. exd4 Qxd4 18. Qxd4 Nxd4 19. Nc3 Rfd8 20. Kf1
Bg5 21. Rd1 f5 22. Rd3 Nc2 23. Rxd8+ Rxd8 24. Rd1 Rxd1 25. Nxd1 Nxe1 26. Kxe1
Kf7 1/2-1/2

[Event "Excelsior March op"]
[Site "Toronto CAN"]
[Date "2023.03.12"]
[Round "4.33"]
[White "Oancea, Nicolae"]
[Black "Deshpande, Sarthak"]
[Result "1/2-1/2"]
[WhiteElo "1739"]
[BlackElo "1527"]
[PlyCount "146"]
[EventDate "2023.03.19"]
[EventType "swiss"]
[EventRounds "5"]
[EventCountry "CAN"]

1. e4 c6 2. d4 d5 3. Nc3 dxe4 4. Nxe4 Nf6 5. Nxf6+ exf6 6. Be3 Bf5 7. Qd2 Bd6
8. O-O-O Qc7 9. Bd3 Bg6 10. Nf3 Nd7 11. h4 O-O-O 12. h5 Bxd3 13. Qxd3 Bf4 14.
g3 Bxe3+ 15. Qxe3 Nb6 16. Rhe1 Nd5 17. Qa3 Qb6 18. c4 Nb4 19. Re7 Rd7 20. Rxd7
Kxd7 21. c5 Qb5 22. Qb3 Nd5 23. Qxb5 cxb5 24. a3 Re8 25. Kd2 g6 26. Rh1 g5 27.
h6 Re6 28. b4 Ra6 29. Ra1 Kc6 30. Kd3 Nxb4+ 31. Ke4 Nd5 32. Nd2 Ra4 33. Nb3 a6
34. f4 Ne7 35. fxg5 fxg5 36. Ke5 Nd5 37. Kf5 g4 38. Ke5 a5 39. Kf5 b4 40. axb4
Rxa1 41. Nxa1 Nxb4 42. Kf6 Kd7 43. Kxf7 Nd5 44. Kg7 Ke7 45. Kxh7 Kf7 46. Nc2 a4
47. Na3 Nf6+ 48. Kh8 Ne4 49. Nc4 Nf6 50. Nd6+ Kg6 51. Nxb7 Kxh6 52. c6 Nd5 53.
Nc5 a3 54. Nb3 a2 55. Kg8 Ne7+ 56. Kf7 Nxc6 57. d5 Ne5+ 58. Ke6 Nf3 59. Na1
Nd4+ 60. Kf6 Nb5 61. Ke7 Kg5 62. d6 Nxd6 63. Kxd6 Kf5 64. Kd5 Kf6 65. Ke4 Ke6
66. Nc2 Kd6 67. Kd4 Ke6 68. Ke4 Kd6 69. Kd4 Ke6 70. Na1 Kd6 71. Nb3 Ke6 72. Na1
Kd6 73. Nb3 Ke6 1/2-1/2

[Event "Excelsior March op"]
[Site "Toronto CAN"]
[Date "2023.03.12"]
[Round "4.34"]
[White "Naiboglu, Onur"]
[Black "Marchand, Calix"]
[Result "0-1"]
[WhiteElo "1301"]
[BlackElo "1708"]
[PlyCount "88"]
[EventDate "2023.03.19"]
[EventType "swiss"]
[EventRounds "5"]
[EventCountry "CAN"]

1. e4 c5 2. c3 d5 3. exd5 Qxd5 4. d4 Nc6 5. Nf3 cxd4 6. cxd4 Bg4 7. Nc3 Qa5 8.
Bb5 e6 9. O-O Bb4 10. Bxc6+ bxc6 11. Qd3 Ne7 12. Ne5 Bf5 13. Qg3 O-O 14. h4
Rad8 15. h5 Kh8 16. Ne2 Qb5 17. Nc3 Qa5 18. Ne2 Qa6 19. Qf3 f6 20. a3 fxe5 21.
Bg5 e4 22. Qb3 Bd6 23. Nc3 Rb8 24. Qd1 Qd3 25. Qc1 Nd5 26. Nxd5 cxd5 27. Qc6
Rb6 28. Qd7 Qxd4 29. Rad1 Qe5 30. g3 Bh3 31. Bf4 Rxf4 32. gxf4 Qxf4 33. Qc8+
Bf8 34. Qc3 Qg4+ 35. Qg3 Qxg3+ 36. fxg3 Bc5+ 37. Kh1 Rxb2 38. Rb1 Rxb1 39. Rxb1
Bb6 40. a4 h6 41. Rc1 d4 42. Kh2 Bg4 43. Kg2 d3 44. Rf1 d2 0-1

[Event "Excelsior March op"]
[Site "Toronto CAN"]
[Date "2023.03.12"]
[Round "4.35"]
[White "Zhao, Jifan"]
[Black "Gavrileva, Anna"]
[Result "1-0"]
[WhiteElo "1685"]
[BlackElo "1448"]
[PlyCount "37"]
[EventDate "2023.03.19"]
[EventType "swiss"]
[EventRounds "5"]
[EventCountry "CAN"]

1. e4 e6 2. d4 d5 3. Nc3 Nf6 4. e5 Nfd7 5. f4 c5 6. Nf3 Nc6 7. Be3 Be7 8. Qd2
Qa5 9. dxc5 Nxc5 10. Be2 Qc7 11. O-O O-O 12. Kh1 a6 13. Bxc5 Bxc5 14. Bd3 Bd7
15. Bxh7+ Kxh7 16. Ng5+ Kh6 17. Qd3 Rh8 18. Nxf7+ Kh5 19. Rf3 1-0